Statistics for Guess the Country by Every Other Letter Missing #2

Click here to take the quiz!

General Stats

  • This quiz has been taken 72 times
  • The average score is 18 of 24

Answer Stats

CountryAnswer% Correct
AbnaAlbania
97%
BhmsBahamas
94%
DnakDenmark
92%
NplNepal
92%
Nrh KraNorth Korea
91%
Sit Kts ad NvsSaint Kitts and Nevis
89%
LtunaLithuania
86%
PnmPanama
85%
AgraAlgeria
83%
IdaIndia
83%
LehesenLiechtenstein
78%
BhanBahrain
77%
KnaKenya
74%
BueBrunei
72%
MuiisMauritius
71%
MuiaiMauritania
69%
CieChile
68%
DiotDjibouti
68%
GeaaGrenada
68%
CiaChina
65%
TreTurkey
62%
SeeSweden
60%
SnaoeSingapore
58%
BaiBrazil
55%

Score Distribution

Percentile by Number Answered

Percent of People with Each Score

Your Score History

You have not taken this quiz